[Event "German Bundesliga 2021-22"]
[Site "Germany"]
[Date "2022.05.01"]
[Round "6.9"]
[White "Mamedyarov, Shakhriyar"]
[Black "Khenkin, Igor"]
[Result "1/2-1/2"]
[WhiteElo "2767"]
[BlackElo "2509"]
[Annotator "TA"]
[PlyCount "89"]
[EventDate "2022.03.05"]
[EventType "team-tourn"]
[EventCountry "GER"]
[SourceTitle "playchess.com"]
[Source "ChessBase"]
[SourceQuality "1"]
[TimeControl "40/5400+30:1800+30"]

{[%evp 9,89,8,22,17,24,23,13,-5,-4,-8,-3,-18,-19,-5,-7,-7,-29,-21,13,-15,-22,-21,-20,-27,-30,-24,-30,-39,-30,-29,-22,-23,-18,-50,-50,-30,-45,-35,0,-69,0,-68,-66,-68,-68,-68,-79,-121,-64,-64,-62,-62,-62,-68,-88,-47,-29,-45,0,0,0,0,0,0,0,0,0,0,0,0,0,0,11,11,20,20,104,104,104,104,104,104]} 1. c4 {[%emt 0:00:00]} e5 {[%emt 0:00:00]} 2. g3 {[%emt 0:00:00]} c6 {[%emt 0:00:00]} 3. d4 {[%emt 0:00:00]} e4 {[%emt 0:00:00]} 4. Qa4 {[%emt 0:00:00]} Na6 {[%emt 0:05:47][%cal Bb8a6,Ba6c7,Bc7d5,Bd5c3][%mdl 32]} 5. a3 {[%emt 0:00:00]} Nc7 {[%emt 0:03:26]} 6. Nc3 {[%emt 0:00:00] A20: English Opening: 1...e5.} f5 {[%emt 0:02:40]} 7. f3 {[%emt 0:01:45]} Nf6 {[%emt 0:10:42] [#]} 8. Bg2 $146 {[%emt 0:08:48][%cal Rf3e4] The position is equal.} ({Predecessor:} 8. fxe4 fxe4 9. Bg2 d5 10. cxd5 b5 11. Qb3 cxd5 12. Nh3 a5 13. Bg5 a4 14. Qa2 {½-½ (71) Timofeev,A-Muljadi,P (2322) ICCF email 2017}) 8... d5 {[%emt 0:02:17]} 9. cxd5 {[%emt 0:01:12]} (9. Nxd5 {feels hotter.} Ncxd5 10. cxd5 Qxd5 11. Bg5) 9... Ncxd5 {[%emt 0:00:29]} 10. fxe4 {[%emt 0:06:55]} Nxc3 {[%emt 0:04:07]} 11. bxc3 {[%emt 0:00:08]} Nxe4 {[%emt 0:00:03]} 12. Qc2 {[%emt 0:00:03]} Qa5 {[%emt 0:05:02]} 13. Bb2 {[%emt 0:00:42]} Be6 {[%emt 0:10:27]} ({Resist} 13... Qd5 14. Nh3 $14) 14. Nh3 {[%emt 0:08:23][%cal Bg1h3,Bh3g5,Bg5f3,Bf3e5][%mdl 32]} O-O-O {[%emt 0:10:37]} 15. O-O {[%emt 0:03:16]} Bc4 {[%emt 0:01:58]} 16. Ng5 {[%emt 0:03:41][%cal Of1f5] [#] aiming for Rxf5!} Nd6 {[%emt 0:08:38]} ({But not} 16... Nxg5 17. Rxf5 Qa6 18. Rxg5 $14) 17. Nf3 {[%emt 0:00:10]} g6 {[%emt 0:02:26]} 18. Ne5 {[%emt 0:09:08]} Bh6 {[%emt 0:02:20]} 19. Bc1 {[%emt 0:06:44]} Bxc1 {[%emt 0:00:06]} 20. Rfxc1 {[%emt 0:00:03]} Rhe8 {[%emt 0:01:04]} 21. Rab1 {[%emt 0:06:13]} Rxe5 {[%emt 0:08:55]} ({Much worse is} 21... Qxa3 22. Ra1 Qb3 23. Qxb3 Bxb3 24. Rxa7 $11) 22. dxe5 {[%emt 0:00:16]} Qxe5 {[%emt 0:00:02] And now ...Qe3+ would win.} 23. Rd1 {[%emt 0:00:39]} Bxe2 {[%emt 0:06:25]} 24. Re1 {[%emt 0:02:54]} (24. Rd4 $11) 24... Qc5+ $15 {[%emt 0:00:02]} 25. Kh1 {[%emt 0:00:03]} Bc4 {[%emt 0:00:19] ...Ne4 is the strong threat.} 26. Rbd1 {[%emt 0:01:09]} Ne4 {[%emt 0:08:42]} 27. Rxd8+ {[%emt 0:03:22]} Kxd8 {[%emt 0:00:02]} 28. Qd1+ {[%emt 0:00:18] [#]} Bd5 {[%emt 0:01:58]} (28... Kc7 $1 $17 {( -> ...Nf2+)} 29. Bxe4 fxe4) 29. Bxe4 {[%emt 0:02:08]} fxe4 {[%emt 0:00:01]} 30. Qd4 {[%emt 0:00:05]} Qxd4 {[%emt 0:01:46]} 31. cxd4 {[%emt 0:00:09][%mdl 4096] Endgame KR-KB} b5 {[%emt 0:00:58]} 32. Kg1 {[%emt 0:00:17]} a5 {[%emt 0:00:30]} 33. Rb1 {[%emt 0:00:28]} Bc4 {[%emt 0:02:08] Hoping for ...e3.} 34. Kf2 {[%emt 0:00:21]} Bd3 {[%emt 0:01:01]} 35. Rc1 {[%emt 0:10:02]} Kd7 {[%emt 0:00:04] Threatens to win with ...b4.} 36. Ke3 {[%emt 0:00:03][%cal Oa3a4]} b4 {[%emt 0:01:46]} 37. axb4 {[%emt 0:00:15]} axb4 {[%emt 0:00:01] Strongly threatening ...b3.} 38. Kd2 {[%emt 0:00:03]} b3 {[%emt 0:01:10]} 39. Kc3 {[%emt 0:00:06]} Bc2 {[%emt 0:00:03]} 40. Ra1 {[%emt 0:00:05]} Kd6 {[%emt 0:01:53]} 41. Ra5 {[%emt 0:30:20]} h5 {[%emt 0:00:00]} 42. Re5 {[%emt 0:00:00]} e3 {[%emt 0:00:00]} (42... Kd7 $11 {remains equal.}) 43. Rxe3 $16 {[%emt 0:00:00] White is better.} c5 {[%emt 0:00:00]} 44. dxc5+ {[%emt 0:00:00]} Kxc5 {[%emt 0:00:00]} 45. Re5+ {[%emt 0:00:00] Weighted Error Value: White=0.09 (flawless) /Black=0.10 (very precise)} 1/2-1/2

[Event "German Bundesliga 2021-22"]
[Site "Germany"]
[Date "2022.05.01"]
[Round "6.9"]
[White "Jones, Gawain C B"]
[Black "Postny, Evgeny"]
[Result "1-0"]
[WhiteElo "2671"]
[BlackElo "2567"]
[Annotator "TA"]
[PlyCount "61"]
[EventDate "2022.03.05"]
[EventType "team-tourn"]
[EventCountry "GER"]
[SourceTitle "playchess.com"]
[Source "ChessBase"]
[SourceQuality "1"]
[TimeControl "40/5400+30:1800+30"]

{[%evp 11,61,0,15,7,16,31,70,65,52,54,56,47,61,43,49,25,95,55,58,36,57,23,43,36,23,31,57,37,101,88,105,66,71,31,167,158,312,295,277,287,395,368,835,652,1251,1171,1919,1796,2246,1335,1441,835]} 1. e4 {[%emt 0:00:00]} e5 {[%emt 0:00:00]} 2. Nf3 {[%emt 0:00:00]} Nc6 {[%emt 0:00:00]} 3. d4 {[%emt 0:00:00]} exd4 {[%emt 0:00:00]} 4. Nxd4 {[%emt 0:00:00]} Bc5 {[%emt 0:00:00]} 5. Nb3 {[%emt 0:00:00]} Bb6 {[%emt 0:00:00]} 6. Nc3 {[%emt 0:00:00]} Nge7 {[%emt 0:00:00]} 7. Bf4 {[%emt 0:00:00] C45: Scotch Game.} d6 {[%emt 0:08:52]} 8. Qd2 {[%emt 0:00:00]} a5 {[%emt 0:02:38]} 9. Bb5 {[%emt 0:04:45] White is slightly better.} O-O {[%emt 0:01:28]} 10. O-O-O {[%emt 0:01:54]} Be6 {[%emt 0:04:45] [#]} 11. Be3 $5 $146 {[%emt 0:04:14][%mdl 8] An interesting novelty.} ({Predecessor:} 11. Kb1 Qb8 12. h4 Qa7 13. h5 Rad8 14. h6 g6 15. Bg3 f6 16. Rhe1 Ne5 17. Na4 {1-0 (33) Vallejo Pons,F (2678)-Delorme,A (2489) Linares 2019}) 11... Bxe3 {[%emt 0:03:24]} 12. Qxe3 {[%emt 0:00:18]} Na7 {[%emt 0:21:17]} 13. Be2 {[%emt 0:08:27]} Nac6 {[%emt 0:00:34]} (13... b5 $11 {keeps the balance.}) 14. f4 {[%emt 0:08:32] White is more active.} a4 {[%emt 0:00:53][%cal Ba5a4,Ba4a3,Ba3b2][%mdl 32] [#]} 15. Nc5 {[%emt 0:00:58]} a3 {[%emt 0:03:33]} 16. Nxe6 {[%emt 0:10:48]} axb2+ {[%emt 0:00:10]} 17. Kb1 {[%emt 0:00:04]} fxe6 {[%emt 0:00:07]} 18. Bc4 $1 $36 {[%emt 0:00:12][%mdl 2048] White has the initiative.} Kh8 {[%emt 0:08:33]} 19. Bxe6 {[%emt 0:02:12]} (19. Kxb2 e5 20. g3 exf4 21. gxf4 Ng6 $15) 19... Ra5 {[%emt 0:07:22]} (19... Nb4 $14) 20. h4 $16 {[%emt 0:06:05][%cal Bh2h4,Bh4h5][%mdl 32]} (20. Kxb2 Nb8) 20... b5 {[%emt 0:04:24]} 21. Bb3 {[%emt 0:10:27]} ({But not} 21. Kxb2 b4 22. Ne2 Qa8 $11) 21... b4 {[%emt 0:00:46]} 22. Ne2 {[%emt 0:06:51][%cal Bc3e2,Be2f4,Bf4g6][%mdl 32]} (22. Nd5 $5 {[%cal Rg2g3]}) 22... Qe8 {[%emt 0:08:13] [#] This costs Black the game.} (22... Ra3 $14) 23. g4 $1 $18 {[%emt 0:03:33]} Rc5 $2 {[%emt 0:04:57] [#]} (23... Qa8 $16) 24. h5 $1 {[%emt 0:02:29]} ({Less strong is} 24. e5 Ng8 $14) 24... h6 {[%emt 0:00:26]} (24... Qa8 25. h6 g6 26. Kxb2 $18) 25. g5 {[%emt 0:06:38]} (25. e5 Ng8 $14) 25... hxg5 {[%emt 0:03:27]} 26. fxg5 {[%emt 0:00:16][%cal Bf4g5,Bg5g6][%mdl 32] Threatens to win with Nf4.} Na5 $2 {[%emt 0:08:21]} (26... Nf5 27. Qd3 Ne5) 27. Nf4 {[%emt 0:02:09] White is clearly winning.} ({Not} 27. h6 g6 $16) 27... Nxb3 {[%emt 0:02:35]} 28. Ng6+ {[%emt 0:00:29]} Kh7 {[%emt 0:02:09]} 29. Nxf8+ {[%emt 0:00:17]} Qxf8 {[%emt 0:00:03]} 30. g6+ {[%emt 0:00:26]} Kh8 {[%emt 0:00:06]} 31. Qxb3 {[%emt 0:06:14] Weighted Error Value: White=0.05 (flawless) /Black=0.46} 1-0

[Event "German Bundesliga 2021-22"]
[Site "Germany"]
[Date "2022.05.01"]
[Round "6.9"]
[White "Seel, Christian"]
[Black "Shevchenko, Kirill"]
[Result "1/2-1/2"]
[WhiteElo "2486"]
[BlackElo "2652"]
[Annotator "TA"]
[PlyCount "67"]
[EventDate "2022.03.05"]
[EventType "team-tourn"]
[EventCountry "GER"]
[SourceTitle "playchess.com"]
[Source "ChessBase"]
[SourceQuality "1"]
[TimeControl "40/5400+30:1800+30"]

{[%evp 24,67,42,42,56,33,124,110,122,125,95,10,190,206,180,91,140,122,130,134,284,270,512,502,471,293,319,264,379,306,291,307,300,303,306,284,291,0,0,0,0,0,8,0,0,0]} 1. Nf3 {[%emt 0:00:00]} Nf6 {[%emt 0:00:00]} 2. c4 {[%emt 0:00:00]} c5 {[%emt 0:00:00]} 3. Nc3 {[%emt 0:00:00]} e6 {[%emt 0:00:00]} 4. g3 {[%emt 0:00:00]} b6 {[%emt 0:00:00]} 5. Bg2 {[%emt 0:00:00]} Bb7 {[%emt 0:00:00]} 6. O-O {[%emt 0:00:00]} Be7 {[%emt 0:00:00]} 7. Re1 {[%emt 0:00:00]} a6 {[%emt 0:00:00]} 8. e4 {[%emt 0:00:00]} d6 {[%emt 0:00:00]} 9. d4 {[%emt 0:00:00]} cxd4 {[%emt 0:00:00]} 10. Nxd4 {[%emt 0:00:00]} Qc7 {[%emt 0:00:00]} 11. Be3 {[%emt 0:00:00]} Nbd7 {[%emt 0:00:00]} 12. Rc1 {[%emt 0:00:00] 12.Rc1 scores better than 12.f4.} O-O {[%emt 0:00:00]} 13. f4 {[%emt 0:00:00]} h5 {[%emt 0:00:32] A30: Symmetrical English: Double Fianchetto and Hedgehog.} 14. Bh3 {[%emt 0:06:27][%cal Od4e6] Prevents Ng4.} Nc5 {[%emt 0:33:47]} ({Black should try} 14... Qd8 $14) 15. b4 $1 $16 {[%emt 0:04:20]} Ncxe4 {[%emt 0:03:42] [#] White is better.} 16. Nxe6 $1 {[%emt 0:02:16][%mdl 512]} Qxc4 {[%emt 0:13:32] [#]} (16... fxe6 $2 17. Bxe6+ Kh7 18. Nd5 Bxd5 19. cxd5 $18 (19. Bxd5 g6 $16)) 17. Nb1 $146 {[%emt 0:21:40]} (17. Nxf8 Nxc3 18. Qd2 (18. Nd7 $2 Qe4 $19) 18... Qe4 $1 $17) (17. Na4 $16 Qxb4 18. Nxf8 Bxf8 19. Nxb6) ({Predecessor:} 17. Na4 Qxb4 18. Nxf8 Ng5 19. Bg2 Nh3+ 20. Kf1 Qb5+ 21. Re2 Ng4 22. Bg1 Nxg1 23. Kxg1 Bxg2 24. Rxe7 {1-0 (31) Oliva Castaneda,K (2419)-Aroshidze,L (2565) Sitges 2014}) 17... Nc3 $2 {[%emt 0:07:02]} 18. Nxc3 $18 {[%emt 0:00:34]} (18. Nxf8 $2 Qe4 $1 19. Nxc3 Qh1+ 20. Kf2 Qxh2+ 21. Kf1 Qxg3 $19) 18... fxe6 {[%emt 0:00:12]} 19. Qe2 {[%emt 0:33:48] Against Ng4} (19. Bd4 $18 Bf3 20. Qxf3 (20. Bxe6+ Qxe6 21. Qxf3 Qf7 $16) 20... Qxd4+ 21. Kh1) 19... d5 {[%emt 0:16:58]} (19... Qc6 $2 20. Bxe6+ Kh8 {[#]} 21. Nd5 $1 $18 {[%mdl 512]}) (19... Qxb4 $142 20. Bxe6+ Kh8) 20. Bxe6+ $16 {[%emt 0:02:02]} Kh8 {[%emt 0:02:52]} 21. a3 $36 {[%emt 0:01:37][%mdl 2048] Strongly threatening Qd1. Keeping Black busy. White is more active.} (21. Bxb6 Bxb4 22. Qb2 (22. Qxc4 dxc4 23. Re5 Rfe8 $14) 22... Bc5+ 23. Bxc5 Qxc5+ 24. Kf1 Qa7 $14) (21. Qxc4 dxc4 22. Bxb6 Bxb4 $14) 21... a5 {[%emt 0:05:23]} (21... Qxe2 $16 22. Nxe2 (22. Rxe2 a5 $16) 22... Rfe8) 22. Qd1 $18 {[%emt 0:06:35]} ({Less strong is} 22. Bxb6 axb4 23. Qxc4 dxc4 $16) (22. Qxc4 dxc4 23. Bxc4 (23. Bxb6 axb4 24. Bxc4 Rfc8 $16) 23... axb4 24. Bxb6 Rfc8 $16) 22... Qc6 $2 {[%emt 0:09:01]} (22... axb4 23. Nxd5 Qa2) 23. Bd4 {[%emt 0:00:10]} axb4 {[%emt 0:01:04]} 24. Nxd5 {[%emt 0:05:38]} Bc5 {[%emt 0:00:28]} 25. axb4 {[%emt 0:05:44]} Rae8 {[%emt 0:02:48]} (25... Bxd4+ {was called for.} 26. Qxd4 Qd6) 26. bxc5 {[%emt 0:06:15]} ({Don't take} 26. Bxc5 Rxe6 27. Rxe6 Qxe6 28. Bxf8 Bxd5 $18) 26... Rxe6 {[%emt 0:02:27]} 27. Rxe6 {[%emt 0:02:37]} Qxe6 {[%emt 0:01:26]} 28. Nxf6 {[%emt 0:00:29]} gxf6 {[%emt 0:00:25]} 29. Qxh5+ {[%emt 0:00:06]} Kg7 {[%emt 0:00:17]} 30. cxb6 $2 {[%emt 0:01:52]} (30. c6 $18 Bc8 31. Qg5+ Kh7 32. Qh5+ Kg7 33. Qg5+ Kh7 34. Qb5) 30... Rc8 $11 {[%emt 0:02:45] The position is equal.} 31. Qg5+ {[%emt 0:01:20]} Kh7 {[%emt 0:00:16]} 32. Qh5+ {[%emt 0:01:06]} Kg7 {[%emt 0:00:01]} 33. Qg5+ {[%emt 0:01:28]} Kh7 {[%emt 0:00:25]} 34. Qh5+ {[%emt 0:00:27] Weighted Error Value: White=0.32/Black=0.46} 1/2-1/2

[Event "German Bundesliga 2021-22"]
[Site "Germany"]
[Date "2022.05.01"]
[Round "6.10"]
[White "Areshchenko, Alexander"]
[Black "Nagy, Gabor"]
[Result "1-0"]
[WhiteElo "2670"]
[BlackElo "2530"]
[Annotator "TA"]
[PlyCount "113"]
[EventDate "2022.03.05"]
[EventType "team-tourn"]
[EventCountry "GER"]
[SourceTitle "playchess.com"]
[Source "ChessBase"]
[SourceQuality "1"]
[TimeControl "40/5400+30:1800+30"]

{[%evp 30,113,44,35,32,0,14,0,20,0,0,0,28,30,23,27,31,24,61,56,42,48,56,51,75,82,96,73,98,87,123,109,164,160,196,197,202,195,174,179,190,194,270,231,293,239,256,262,385,280,250,252,242,270,293,266,261,242,239,239,245,236,320,321,325,297,315,310,407,399,447,442,568,561,743,737,739,726,717,712,695,679,680,618,891,843]} 1. e4 {[%emt 0:00:00]} c5 {[%emt 0:00:00]} 2. Nf3 {[%emt 0:00:00]} d6 {[%emt 0:00:00]} 3. d4 {[%emt 0:00:00]} cxd4 {[%emt 0:00:00]} 4. Nxd4 {[%emt 0:00:00]} Nf6 {[%emt 0:00:00]} 5. Nc3 {[%emt 0:00:00]} Nc6 {[%emt 0:00:00]} 6. Bg5 {[%emt 0:00:00]} Bd7 {[%emt 0:00:00]} 7. Qd2 {[%emt 0:00:00]} a6 {[%emt 0:00:00]} 8. O-O-O {[%emt 0:00:00]} e6 {[%emt 0:00:00]} 9. f4 {[%emt 0:00:00]} Be7 {[%emt 0:00:00]} 10. Nf3 {[%emt 0:00:05]} b5 {[%emt 0:00:00]} 11. Bxf6 {[%emt 0:01:44]} gxf6 {[%emt 0:00:00]} 12. Kb1 {[%emt 0:00:57]} Qb6 {[%emt 0:00:00]} 13. f5 {[%emt 0:22:35]} O-O-O {[%emt 0:00:00]} 14. g3 {[%emt 0:12:12]} Kb8 {[%emt 0:00:00]} 15. fxe6 {[%emt 0:04:12]} fxe6 {[%emt 0:00:00]} 16. Bh3 {[%emt 0:00:15]} Na5 {[%emt 0:00:00][%cal Bc6a5,Ba5c4,Bc4e3][%mdl 32] is currently scoring better than 16...Bc8. B69: Sicilian: Richter-Rauzer: 7...a6 8 0-0-0 Bd7 9 f4 Be7 10 Nf3 b5 11 Bxf6.} 17. Nd4 {[%emt 0:08:06]} b4 $1 {[%emt 0:00:00]} 18. Nce2 {[%emt 0:00:46]} e5 {[%emt 0:00:00] The position is equal.} (18... Nc4 19. Qd3 d5 20. exd5 $16) 19. Nf5 $5 {[%emt 0:08:43][%mdl 4] An interesting side line.} Bxf5 {[%emt 0:01:25]} 20. Bxf5 {[%emt 0:02:09]} d5 {[%emt 0:04:30]} 21. exd5 {[%emt 0:05:49]} Nc4 {[%emt 0:00:26]} 22. Qd3 {[%emt 0:03:37][%csl LRc4,LRh7]} Ne3 {[%emt 0:00:22]} 23. Qe4 {[%emt 0:08:02] [#]} Qc5 $146 {[%emt 0:14:39][%cal Rd8d5]} ({Predecessor:} 23... Nxd1 24. Rxd1 h5 25. c4 h4 26. g4 h3 27. Ng3 b3 28. axb3 Qxb3 29. Qc2 Qb4 {½-½ (46) Mazur,S (2426)-Nayhebaver,M (2473) Ruzomberok 2019}) 24. Nc1 {[%emt 0:09:34] Hoping for Nb3.} Nxd1 {[%emt 0:15:50]} 25. Rxd1 {[%emt 0:00:03]} Rd6 {[%emt 0:00:30]} 26. Be6 {[%emt 0:02:43][%mdl 1024] White has compensation.} h5 {[%emt 0:06:56]} 27. Nd3 {[%emt 0:02:36] White now steadily converts the win.} Qb5 {[%emt 0:02:48]} 28. Rc1 {[%emt 0:02:50][%cal Bd1c1,Bc1e1,Be1e4][%mdl 32]} (28. Qxb4 Qxb4 29. Nxb4 Rxe6 $1 30. dxe6 Bxb4 $17) 28... Rhd8 {[%emt 0:02:49]} 29. Qh7 {[%emt 0:00:40]} Bf8 {[%emt 0:07:00]} 30. Qxh5 {[%emt 0:00:51] White is much more active.} Qc4 {[%emt 0:00:13]} (30... e4 $16 {was called for.} 31. Nf4 Qc4) 31. Qf5 $36 {[%emt 0:01:47][%mdl 2048] White is on the roll.} Bg7 {[%emt 0:04:30]} 32. Re1 {[%emt 0:02:16] Re4 is the strong threat.} a5 {[%emt 0:00:45]} 33. Re4 {[%emt 0:00:27]} Qc7 {[%emt 0:00:23]} 34. h4 {[%emt 0:02:26][%cal Bh2h4,Bh4h5][%mdl 32]} Qb6 {[%emt 0:00:42]} 35. Re1 {[%emt 0:00:09] Against Qg1} Ka7 {[%emt 0:01:16]} (35... Bh6 $142 36. g4 (36. Qxf6 Rxd5 37. Qxh6 Re8 $16) 36... Bd2) 36. h5 {[%emt 0:01:05]} Qc7 {[%emt 0:02:02]} 37. Re4 {[%emt 0:01:38]} Rb6 {[%emt 0:02:22]} 38. b3 {[%emt 0:00:33] Threatens to win with Rc4.} Bf8 {[%emt 0:02:07]} (38... Rb7 $142 39. Nb2 Qc5) 39. Qxf6 {[%emt 0:00:36]} Rxd5 {[%emt 0:00:08]} 40. Rc4 {[%emt 0:00:26]} ({Resist} 40. Qxf8 Rxe6 41. g4 Red6 42. Qf2+ (42. Rxe5 $2 Rxe5 43. Qf2+ Kb8 $19) 42... Kb8 $18) (40. Rxe5 $2 Rxe5 41. Nxe5 Bg7 $19) 40... Qd6 {[%emt 0:02:43] [#]} 41. Qf7+ $1 {[%emt 0:00:00]} Rb7 {[%emt 0:00:00]} 42. Qf2+ {[%emt 0:00:00]} (42. Bxd5 Rxf7 43. Bxf7 Qf6 $17) 42... Rd4 {[%emt 0:00:00] [#]} 43. Nxe5 $1 {[%emt 0:00:00][%mdl 512]} Qxe5 {[%emt 0:00:00]} 44. Qxd4+ {[%emt 0:00:00]} Qxd4 {[%emt 0:00:00]} 45. Rxd4 $18 {[%emt 0:00:00][%mdl 4096] Endgame KRB-KRB} Bg7 {[%emt 0:00:00]} 46. Rd1 {[%emt 0:00:00]} Re7 {[%emt 0:00:00]} 47. Bf5 {[%emt 0:00:00]} Bh6 {[%emt 0:00:00]} 48. g4 {[%emt 0:00:00]} Re2 {[%emt 0:00:00]} 49. a3 {[%emt 0:01:19]} Bg5 {[%emt 0:00:00]} 50. Ka2 {[%emt 0:01:42] White is clearly winning.} Rh2 {[%emt 0:00:00]} 51. axb4 {[%emt 0:08:44]} axb4 {[%emt 0:00:00]} 52. Rd4 {[%emt 0:00:45]} Bf6 {[%emt 0:00:00]} 53. Rxb4 {[%emt 0:01:14]} Rh1 {[%emt 0:00:00]} 54. Ra4+ {[%emt 0:02:01]} Kb6 {[%emt 0:00:00]} 55. Ka3 {[%emt 0:02:04]} Bc3 {[%emt 0:00:00][%cal Rh1a1]} 56. b4 {[%emt 0:00:29]} Rb1 {[%emt 0:00:00]} 57. h6 {[%emt 0:01:22] Weighted Error Value: White=0.08 (flawless) /Black=0.26 (precise)} 1-0

[Event "German Bundesliga 2021-22"]
[Site "Germany"]
[Date "2022.05.01"]
[Round "6.10"]
[White "Bjerre, Jonas Buhl"]
[Black "Kryvoruchko, Yuriy"]
[Result "1/2-1/2"]
[WhiteElo "2586"]
[BlackElo "2683"]
[Annotator "TA"]
[PlyCount "52"]
[EventDate "2022.03.05"]
[EventType "team-tourn"]
[EventCountry "GER"]
[SourceTitle "playchess.com"]
[Source "ChessBase"]
[SourceQuality "1"]
[TimeControl "40/5400+30:1800+30"]

{[%evp 11,52,10,22,18,15,7,8,0,18,0,18,5,19,16,25,18,19,0,24,22,23,0,0,0,6,14,8,9,0,0,7,0,0,0,0,0,0,0,0,4,0,0,0]} 1. e4 {[%emt 0:00:00]} e5 {[%emt 0:00:00]} 2. Nf3 {[%emt 0:00:00]} Nc6 {[%emt 0:00:00][%cal Bb8c6,Bc6e7,Be7g6][%mdl 32]} 3. Bb5 {[%emt 0:00:00]} Nf6 {[%emt 0:00:00]} 4. d3 {[%emt 0:00:00][%cal Bd2d3,Bd3d4][%mdl 32]} Bc5 {[%emt 0:00:00][%cal Bf8c5,Bc5b6,Bb6c7][%mdl 32]} 5. c3 {[%emt 0:00:00]} O-O {[%emt 0:00:00]} 6. O-O {[%emt 0:00:00]} d6 {[%emt 0:00:00]} 7. Re1 {[%emt 0:00:00] C65: Ruy Lopez: Berlin Defence (3...Nf6), unusual lines and 4 0-0 Bc5.} Ne7 {[%emt 0:00:00]} 8. d4 {[%emt 0:00:00]} Bb6 {[%emt 0:00:00]} 9. a4 {[%emt 0:00:00] a5 is the strong threat. Nowadays more popular than 9.h3.} c6 {[%emt 0:02:16]} 10. Bf1 {[%emt 0:00:00]} Ng6 {[%emt 0:01:01]} 11. Nbd2 {[%emt 0:03:59]} Re8 {[%emt 0:02:23]} 12. h3 {[%emt 0:02:37]} h6 {[%emt 0:03:54]} 13. Qc2 {[%emt 0:02:31] [#]} Bc7 $146 {[%emt 0:13:21]} ({Predecessor:} 13... Be6 14. b4 Bc7 15. c4 exd4 16. Nxd4 a5 17. b5 Bb6 18. Bb2 Rc8 19. bxc6 bxc6 {½-½ (72) Sethuraman,S (2620)-Sargissian,G (2664) Riga 2021}) 14. dxe5 {[%emt 0:20:35]} Nxe5 {[%emt 0:00:56]} 15. Nxe5 {[%emt 0:03:39]} Rxe5 {[%emt 0:00:37]} 16. Nc4 {[%emt 0:09:58]} (16. Nf3 $5 {[%cal Rf3e5]}) 16... Re6 {[%emt 0:11:22] The position is equal.} 17. Bf4 {[%emt 0:03:02]} d5 {[%emt 0:00:49]} 18. Bxc7 {[%emt 0:04:04]} Qxc7 {[%emt 0:00:12]} 19. exd5 {[%emt 0:00:15]} Nxd5 {[%emt 0:00:04]} 20. Bd3 {[%emt 0:03:32]} Bd7 {[%emt 0:09:06]} 21. Bh7+ {[%emt 0:04:50]} Kf8 {[%emt 0:00:47]} 22. Bf5 {[%emt 0:02:41]} Rxe1+ {[%emt 0:02:05]} 23. Rxe1 {[%emt 0:00:05]} Re8 {[%emt 0:01:37]} 24. Rxe8+ {[%emt 0:07:50]} Bxe8 {[%emt 0:00:26]} 25. Qd2 {[%emt 0:02:19]} b6 {[%emt 0:14:21]} 26. Be4 {[%emt 0:08:22]} Nf6 {[%emt 0:02:13] A balanced but interesting game.  Weighted Error Value: White=0.04 (flawless) /Black=0.02 (flawless)} 1/2-1/2